Statistics for Countries with 2 or More Nobel Prizes for Literature

Click here to take the quiz!

General Stats

  • This quiz has been taken 243 times
    (149 since last reset)
  • The average score is 16 of 19

Answer Stats

No.of NobelsCountry% Correct
16France
99%
10United Kingdom
99%
11United States
99%
8Germany
95%
4Russia / USSR
95%
6Italy
93%
6Spain
93%
8Sweden
92%
2China
90%
2Japan
89%
3Norway
87%
6Poland
82%
3Denmark
79%
4Ireland
79%
2Austria
77%
2Switzerland
71%
2Greece
70%
2South Africa
66%
2Chile
55%

Score Distribution

Percentile by Number Answered

Percent of People with Each Score

Your Score History

You have not taken this quiz since the last reset